| 000 | 00453cam a2200181ua 4500 | ||
|---|---|---|---|
| 001 | 3471 | ||
| 008 | 111116n ii |||gr||||Z||||||asm | ||
| 040 | _cMAIN | ||
| 082 | _a418.02 | ||
| 100 |
_aBezbora, Nirajana Mahanta, _eAuthor. |
||
| 245 | 1 | 1 |
_aAnubadkala _cby Nirajana Mahanta bezbora |
| 250 | _a1st. | ||
| 260 |
_aDibrugarh: _bPranjal Bezborah,997. |
||
| 300 |
_a107p: _c23cm. |
||
| 653 | _aAssamese language | ||
| 653 | _aAnubadkala | ||
| 942 | _cBK | ||
| 999 |
_c3314 _d3314 |
||